Normal view
MARC view
- Serrano Angulo, José
Entry Nombre Personal
001 - NUMERO DE CONTROL
- campo de control: 38528
003 - IDENTIFICADOR DE NUMERO DE CONTROL
- campo de control: UPN
005 - FECHA Y HORA DE LA ÜLTIMA TRANSACCIÓN
- campo de control: 20210219194536.0
008 - DATOS DE LONGITUD FIJA
- campo de control de longitud fija: nabaccnnaabn|||||||||| b |nc|||||d
035 ## - NUMERO DE CONTROL
- Número de control: UPN11000010635
040 ## - FUENTE DE CATALOGACIÓN
- Lenguaje de catalogación: SPA
- Agencia de transcripción: UPN
100 1# - ENCABEZAMIENTO - NOMBRE PERSONAL
- Nombre personal: Serrano Angulo, José
670 ## - FUENTE EN LA QUE SE LOCALIZARON DATOS
- Cita de la fuente: T
- Uniform Resource Identifier: http://www.uma.es/departamento-de-metodos-de-investigacion-e-innovacion-educativa/info/59124/serrano-angulo-jose/
680 ## - NOTA PUBLICA DE ACCESO PÚBLICO
- Frase explicativa de la referencia: Profesor Titular del Área de Métodos de Investigación y Diagnóstico en Educación
902 ## - CATALOGADOR
- Catalogador: MCM/250516
